| 000 | 01415am a2200457a 44500 | ||
|---|---|---|---|
| 003 | AR-BaBNM | ||
| 005 | 20251128205340.0 | ||
| 008 | 167019s1990 #AR|||||||||||000 | esp|| | ||
| 020 | _a84-7774-027-5 | ||
| 040 | _cAR-BaBNM | ||
| 110 | 2 | _aServicios Municipales de Asesoramiento Psicopedagógico de Sant Boi y Sant Just Desvern | |
| 245 | 1 | 0 |
_aEvaluación y seguimiento en parvulario y ciclo inicial _bpautas de observación |
| 250 | _a3ª ed. | ||
| 260 |
_aMadrid _bVisor _c1990 |
||
| 300 |
_a123 p. _btablas |
||
| 490 | 0 |
_aAprendizaje _vv. 15 |
|
| 504 | _aBibliografía: p. 120-123 | ||
| 650 | 4 | _aDESARROLLO DEL NIÑO | |
| 650 | 4 | _aPSICOLOGIA DEL NIÑO | |
| 650 | 4 | _aNIÑOS DE EDAD PREESCOLAR | |
| 650 | 4 | _aCONDUCTA INFANTIL | |
| 650 | 4 | _aPSICOLOGIA DE LA EDUCACION | |
| 650 | 4 | _aOBSERVACION | |
| 653 | _aEDUCACION INICIAL | ||
| 653 | _aEQUIPOS DE ORIENTACION ESCOLAR | ||
| 653 | _aJARDINES DE INFANTES | ||
| 653 | _aPSICOPEDAGOGOS | ||
| 653 | _aNIÑOS DE JARDIN DE INFANTES | ||
| 700 | 1 | _aBassedas, E. | |
| 700 | 1 | _aColl, César | |
| 700 | 1 | _aHuguet i Comelles, Teresa | |
| 700 | 1 | _aMarrodán Saenz, Maite | |
| 700 | 1 | _aMiras, Mariana | |
| 700 | 1 | _aOliván Plazaola, Marta | |
| 700 | 1 | _aRossell i Alfonso, Montserrat | |
| 700 | 1 | _aSolé Gallart, Isabel | |
| 800 | 1 |
_aAlvarez, Amelia _edirector |
|
| 800 | 1 |
_aDel Río, Pablo _edirector |
|
| 942 | _cBK | ||
| 998 | _cSILVI | ||
| 999 |
_c11034 _d11034 |
||